| 000 | 01071cam a22002894i 4500 | ||
|---|---|---|---|
| 001 | 15697818 | ||
| 003 | EG-ScBUE | ||
| 005 | 20251209094212.0 | ||
| 008 | 090413s2009 enka f b 001 0 eng | ||
| 020 | _a9780199546459 | ||
| 040 |
_aEG-ScBUE _beng _erda _cEG-ScBUE _dEG-ScBUE |
||
| 082 | 0 | 4 |
_a548 _222 _bHAM |
| 100 | 1 |
_aHammond, C. _q(Christopher), _d1942- _911347 _eauthor. |
|
| 245 | 1 | 4 |
_aThe basics of crystallography and diffraction / _cChristopher Hammond, Institute for Materials Research, University of Leeds. |
| 250 | _aThird edition. | ||
| 264 | 1 |
_aOxford : _bOxford University Press, _c2009. |
|
| 300 |
_axiii, 432 pages : _billustrations ; _c24 cm. |
||
| 336 |
_2rdacontent _atext _btxt |
||
| 337 |
_aunmediated _2rdamedia _bn |
||
| 338 |
_avolume _bnc _2rdacarrier |
||
| 490 | 0 |
_aInternational Union of Crystallography texts on crystallography ; _v12 |
|
| 504 | _aIncludes bibliographical references and index. | ||
| 650 | 7 |
_aCrystallography. _911348 _2BUEsh |
|
| 650 | 7 |
_aX-ray crystallography. _911349 _2BUEsh |
|
| 655 | _vReading book | ||
| 942 |
_2ddc _cBB |
||
| 999 |
_c13378 _d13378 |
||